000 00573nam a2200193Ia 4500
005 20250508161940.0
008 008 250505s9999 xx 000 0 eng d
037 _aTextual
040 _aFEDL
_beng
_cFEDL
041 _aeng
_2eng
084 _a330.954, MIS
_qFEDL
100 _aMisra B.R.
_9689940
245 0 _aReport on socio-economic survey of jamshedpur city
260 _aPatna, India
_bDepartment of Applied Economics and Commerce
_c1959
300 _a134p.
650 _aEconomics
942 _cTEXL
_h330.954, MIS
999 _c1373433
_d1373433